Meclisde CHP - I (Record no. 3771)

MARC details
000 -BAŞLIK
Sabit Uzunlukta Kontrol Alanı 00793na a2200241 4500
001 - KONTROL NUMARASI
Denetim Alanı 14728
003 - KONTROL NUMARASI IDENTIFIER
Denetim Alanı MIRAKIL
005 - SON İŞLEM TARİHİ VE ZAMANI
Denetim Alanı 20181213154942.0
008 - SABİT-BOY VERİ ELEMANLARI - GENEL BİLGİLER
Sabit Uzunlukta Kontrol Alanı 160918b tu 000 0
035 ## - SİSTEM KONTROL NUMARASI
Sistem Kontrol Numarası 14728
040 ## - KATALOGLAMA KAYNAK
Orijinal Kataloglama Ajansı Milas
Kataloglama Dili tur
Metne Dönüştürmek Ajansı TR-AnCHP
082 ## - DEWEY ONLU SINIFLANDIRMA NUMARASI
Sınıflandırma Numarası CHP 351.72
Ürün Numarası C36m 1993
090 ## - SINIFLAMA NUMARASI
Sınıflama Numarası CHP 351.72 C36m 1993
110 ## - ANA GİRİŞ - KURUMSAL ADI
Giriş Elemanı Olarak Kurumsal Ad Veya Yargı Alanı Adı CHP Grup Başkanlığı
245 ## - BAŞLIK TABLOSU
Başlık Meclisde CHP - I
Başlığın Kalan 1993 mali yılı bütçesi üzerinde CHP grubunun görüşleri
Sorumluluk Tablosu, Vb CHP
260 ## - YAYIN, DAĞITIM, VB
Yayın, Dağıtım, Vb Yeri [Ankara]
Yayıncı, Dağıtıcı, Vs Adı [yayl.y.]
Yayın, Dağıtım, Vb Tarihi 1993
Üretici Firma Yorum Basın Yayın
300 ## - FİZİKSEL TANIM
Kapsam 385 s.
Boyutlar 19 sm.
610 ## - KONU KATMA GİRİŞ - TOPLANTI ADI
Giriş Elemanı Olarak Kurumsal Ad Veya Yargı Alanı Adı CHP
Genel Alt Bölüm Bütçe görüşleri
Kronolojik Alt Bölüm TBMM
610 ## - KONU KATMA GİRİŞ - TOPLANTI ADI
Giriş Elemanı Olarak Kurumsal Ad Veya Yargı Alanı Adı CHP
Genel Alt Bölüm Mali yılı bütçesi, 1993
Kronolojik Alt Bölüm Meclis konuşmaları
650 ## - KONU KATMA GİRİŞ - TOPİKAL DÖNEM
Topikal Süreli Veya Coğrafi Ad Giriş Elemanı Bütçe
Genel Alt Bölümü Siyasal partiler
Coğrafi Alt Bölümü Türkiye
650 ## - KONU KATMA GİRİŞ - TOPİKAL DÖNEM
Topikal Süreli Veya Coğrafi Ad Giriş Elemanı Mali yılı bütçesi, 1993
Coğrafi Alt Bölümü Türkiye
942 ## - EKLENDİ GİRİŞ ELEMANLARI (KOHA)
Sınıflandırma Veya Raf Düzeni Kaynak Dewey Decimal Classification
Koha Öğesi Türü Books
999 ## - SİSTEM KONTROL NUMARALARI (KOHA)
Koha Biblionumber 3771
Koha Biblioitemnumber 3771
Holdings
Kalıcı Konum Mevcut Konum Edinme Tarihi Edinim Kaynak Toplam Check-Out'Lar Tam Çağrı Numarası Barkod Tarih Son Görülme İtibaren Geçerli Fiyatlar Koha Öğesi Türü Kopya Sayısı
CHP Kütüphanesi CHP Kütüphanesi 08/31/2016 Bağış   CHP 351.72 C36m 1993 002385 08/31/2016 08/31/2016 Books  
CHP Kütüphanesi CHP Kütüphanesi 08/31/2016 Bağış   CHP 351.72 C36m 1993 002386 08/31/2016 08/31/2016 Books k.2
CHP Kütüphanesi CHP Kütüphanesi 08/31/2016 Bağış   CHP 351.72 C36m 1993 002387 08/31/2016 08/31/2016 Books k.3
CHP Kütüphanesi CHP Kütüphanesi 08/31/2016 Bağış   CHP 351.72 C36m 1993 002388 08/31/2016 08/31/2016 Books k.4
CHP Kütüphanesi CHP Kütüphanesi 09/18/2016 Bağış   CHP 351.72 C36m 1993 003374 09/18/2016 09/18/2016 Books k.6
CHP Kütüphanesi CHP Kütüphanesi 09/18/2016 Bağış   CHP 351.72 C36m 1993 003375 09/18/2016 09/18/2016 Books k.5